Gendarmes et policiers de fiction par image - Statistiques

Statistiques générales
  • Ce quiz a été pris 99 fois
  • Le résultat moyen est 7 sur 14
Statistiques - réponses
Par images Hint Réponse % Correct
Peter Falk Inspecteur Columbo
93%
Louis de Funès Maréchal des logis-chef Cruchot
76%
David Suchet Détective Hercule Poirot
73%
Tony Shalhoub Détective Adrian Monk
65%
Horst Tapper Inspecteur Derrick
61%
Pierre Mondy Commissaire Cordier
52%
Paul Michael Glaser / David Soul Détectives Starsky et Hutch
52%
Véronique Genest Commissaire Julie Lescaut
51%
Yves Rénier Commissaire Moulin
51%
Corinne Masiero Capitaine Marleau
49%
Clint Eastwood Inspecteur Harry Callahan
33%
Louis de Funès Commissaire Juve
22%
Bernard Tapie Commissaire Valence
8%
Xavier Deluc Martin Bernier
5%
Aucun quiz correspondant
Distribution des résultats
% des personnes avec chaque résultat
Percentile par nombre de réponses
Votre historique - résultats
Vous n’avez pas pris ce quiz